Statistics for EPL Football (Soccer) Top 10 Goalscorers Every Season Since 2010/11.

Click here to take the quiz!

General Stats

  • This quiz has been taken 192 times
  • The average score is 27 of 76

Answer Stats

SeasonPlaceGoalsAnswer% Correct
2015/16224Sergio Aguero
93%
2014/15126Sergio Aguero
93%
2013/14-17Sergio Aguero
93%
2011/12323Sergio Aguero
93%
2016/17-20Sergio Aguero
93%
2014/15-12Wayne Rooney
88%
2013/14417Wayne Rooney
88%
2011/12227Wayne Rooney
88%
2016/17129Harry Kane
86%
2015/16125Harry Kane
86%
2014/15221Harry Kane
86%
2011/12130Robin Van Persie
75%
2010/11318Robin Van Persie
75%
2012/13126Robin Van Persie
75%
2013/14131Luis Suarez
71%
2012/13223Luis Suarez
71%
2015/16-24Jamie Vardy
68%
2012/13-15Frank Lampard
64%
2016/17-16Eden Hazard
56%
2014/15-14Eden Hazard
56%
2012/13617Romelu Lukaku
56%
2013/14-15Romelu Lukaku
56%
2015/16418Romelu Lukaku
56%
2016/17225Romelu Lukaku
56%
2012/13-15Dimitar Berbatov
53%
2010/11120Dimitar Berbatov
53%
2010/11-20Carlos Tevez
51%
2013/14221Daniel Sturridge
46%
2015/16715Jermain Defoe
46%
2016/17-15Jermain Defoe
46%
2010/11417Darren Bent
44%
2014/15-12David Silva
34%
2016/17717Zlatan Ibrahimovic
34%
2012/13321Gareth Bale
32%
2016/17420Diego Costa
29%
2014/15320Diego Costa
29%
2016/17618Dele Alli
24%
2012/13518Michu
23%
2013/14320Yaya Toure
23%
2015/16-13Alexis Sanchez
22%
2016/17324Alexis Sanchez
22%
2014/15516Alexis Sanchez
22%
2013/14716Edin Dzeko
14%
2011/12914Edin Dzeko
14%
2016/17-15Christian Benteke
13%
2014/15913Christian Benteke
13%
2012/13419Christian Benteke
13%
2011/12-17Yakubu
13%
2013/14-16Olivier Giroud
12%
2015/16616Olivier Giroud
12%
2014/15-14Olivier Giroud
12%
2012/13715Demba Ba
11%
2011/12716Demba Ba
11%
2015/16517Riyad Mahrez
10%
2014/15418Charlie Austin
9%
2010/11-13Javier Hernandez
9%
2011/121013Mario Balotelli
9%
2010/11-13Andy Carroll
7%
2010/11-13Dirk Kuyt
7%
2011/12-17Emmanuel Adebayor
7%
2016/17816Joshua King
7%
2011/12-13Papiss Cisse
7%
2012/13-15Rickie Lambert
7%
2011/12815Grant Holt
6%
2013/14915Jay Rodriguez
6%
2010/11-13Rafael van der Vaart
6%
2011/12417Clint Dempsey
5%
2016/171015Fernando Llorente
5%
2010/11-13Florent Malouda
5%
2014/151012Graziano Pelle
5%
2015/16-15Odion Ighalo
5%
2015/16913Troy Deeney
5%
2013/14-17Wilfried Bony
5%
2010/11515Peter Odemwingie
4%
2014/15614Saido Berahino
4%
2010/11613DJ Campbell
3%

Score Distribution

Percentile by Number Answered

Percent of People with Each Score

Your Score History

You have not taken this quiz